01780nam a2200433 i 450000100060000000300080000600500170001400600190003100700150005000800410006502000270010603500220013304000310015505000230018608000120020908200150022124501500023626400980038630000580048433600310054233700330057333800430060649000450064950400290069458800830072359001620080665000240096865000260099265000310101865000340104965100140108365500270109770000410112470000380116579700180120383000460122185600620126799900170132988033FlNmELB20241217171618.0m o u cr cn|||||||||190610s2008 sp a ob 000 0 spa d a9788415443469 (e-book) a(OCoLC)1117353292 aFINmELBbspaerdacFINmELB14aCD974.4bD637 2008 a004.65804a021.6522303aEl documento electrónico :baspectos jurídicos, tecnológicos y archivísticos /cJosé Luis Blasco Díaz, Modesto J. Fabra Valls (eds.). 1aCastelló de la Plana :bUniversitat Jaume I, Servei de Comunicació i Publicacions,c2008. a1 recurso en línea (441 páginas) :bilustraciones atextobtxt2rdacontent/spa acomputadorabc2rdamedia/spa arecurso en líneabcr2rdacarrier/spa1 aColʺlecció "Estudis jurídics" ;v16 aContiene bibliografía. aDescripción basada en metadatos suministrados por el editor y otras fuentes. aRecurso electrónico. Santa Fe, Arg.: elibro, 2019. Disponible vía World Wide Web. El acceso puede estar limitado para las bibliotecas afiliadas a elibro. 0aElectronic records. 0aDigital preservation. 4aDocumento eléctrónico. 4aConservación de documentos. 4aEspaña. 4aLibros electrónicos.1 aBlasco Díaz, José Luis,eeditor.1 aFabra Valls, Modesto J.,eeditor.2 aelibro, Corp. 0aColʺlecció "Estudis jurídics" ;v16.40uhttps://elibro.net/ereader/politecnicointernacional/42244 c88033d88033